<?xml version="1.0" encoding="UTF-8"?>
<record
    xmlns:xsi="http://www.w3.org/2001/XMLSchema-instance"
    xsi:schemaLocation="http://www.loc.gov/MARC21/slim http://www.loc.gov/standards/marcxml/schema/MARC21slim.xsd"
    xmlns="http://www.loc.gov/MARC21/slim">

  <leader>00927nam a2200277 a 4500</leader>
  <controlfield tag="005">20240516124726.0</controlfield>
  <controlfield tag="008">100322s2011||||sp a   f |||| 001 0 spa d</controlfield>
  <datafield tag="020" ind1=" " ind2=" ">
    <subfield code="a">9788445820650</subfield>
  </datafield>
  <datafield tag="041" ind1=" " ind2=" ">
    <subfield code="a">spa</subfield>
  </datafield>
  <datafield tag="092" ind1=" " ind2=" ">
    <subfield code="c">611.022</subfield>
    <subfield code="s">55</subfield>
    <subfield code="l">NET</subfield>
  </datafield>
  <datafield tag="100" ind1="1" ind2=" ">
    <subfield code="a">Netter, Frank H.</subfield>
    <subfield code="9">147</subfield>
  </datafield>
  <datafield tag="245" ind1=" " ind2=" ">
    <subfield code="a">Atlas de Anatom&#xED;a Humana /  </subfield>
    <subfield code="c">Frank H. Netter.</subfield>
  </datafield>
  <datafield tag="250" ind1=" " ind2=" ">
    <subfield code="a">5a ed. versi&#xF3;n en espa&#xF1;ol de la obra original en ingl&#xE9;s</subfield>
    <subfield code="b">Traducci&#xF3;n y revisi&#xF3;n cient&#xED;fica Victor G&#xF6;tzens Garc&#xED;a</subfield>
  </datafield>
  <datafield tag="260" ind1=" " ind2=" ">
    <subfield code="a">Barcelona: </subfield>
    <subfield code="b">Elsevier ; Masson;</subfield>
    <subfield code="c">2011.</subfield>
  </datafield>
  <datafield tag="300" ind1=" " ind2=" ">
    <subfield code="a">532 p.</subfield>
    <subfield code="b">il.</subfield>
  </datafield>
  <datafield tag="500" ind1=" " ind2=" ">
    <subfield code="a">Netter, F. H. (2011). Atlas de anatom&#xED;a humana. (5a ed.). Barcelona : Elsevier ; Masson. </subfield>
  </datafield>
  <datafield tag="653" ind1=" " ind2=" ">
    <subfield code="a">Cabeza y cuello</subfield>
  </datafield>
  <datafield tag="653" ind1=" " ind2=" ">
    <subfield code="a">Dorso y m&#xE9;dula espinal</subfield>
  </datafield>
  <datafield tag="653" ind1=" " ind2=" ">
    <subfield code="a">T&#xF3;rax</subfield>
  </datafield>
  <datafield tag="653" ind1=" " ind2=" ">
    <subfield code="a">Abdomen</subfield>
  </datafield>
  <datafield tag="653" ind1=" " ind2=" ">
    <subfield code="a">Pelvis y perin&#xE9;</subfield>
  </datafield>
  <datafield tag="653" ind1=" " ind2=" ">
    <subfield code="a">Miembro superior</subfield>
  </datafield>
  <datafield tag="653" ind1=" " ind2=" ">
    <subfield code="a">Miembro inferior</subfield>
  </datafield>
  <datafield tag="653" ind1=" " ind2=" ">
    <subfield code="a">Anatom&#xED;a seccional</subfield>
  </datafield>
  <datafield tag="942" ind1=" " ind2=" ">
    <subfield code="2">ddc</subfield>
    <subfield code="c">BK</subfield>
    <subfield code="0">4</subfield>
  </datafield>
  <datafield tag="999" ind1=" " ind2=" ">
    <subfield code="c">1241</subfield>
    <subfield code="d">1241</subfield>
  </datafield>
  <datafield tag="952" ind1=" " ind2=" ">
    <subfield code="0">0</subfield>
    <subfield code="1">0</subfield>
    <subfield code="2">ddc</subfield>
    <subfield code="4">0</subfield>
    <subfield code="7">0</subfield>
    <subfield code="a">BFM</subfield>
    <subfield code="b">BFM</subfield>
    <subfield code="c">CR</subfield>
    <subfield code="d">2013-03-12</subfield>
    <subfield code="g">940.00</subfield>
    <subfield code="l">329</subfield>
    <subfield code="m">23</subfield>
    <subfield code="o">611.022 55 NET</subfield>
    <subfield code="p">2793</subfield>
    <subfield code="r">2026-04-24</subfield>
    <subfield code="s">2026-04-16</subfield>
    <subfield code="t">ej.16</subfield>
    <subfield code="w">2013-03-12</subfield>
    <subfield code="y">BK</subfield>
    <subfield code="z">COMPRA PROYECTO PROMED 2DA ETAPA, MARZO 2013</subfield>
  </datafield>
  <datafield tag="952" ind1=" " ind2=" ">
    <subfield code="0">0</subfield>
    <subfield code="1">0</subfield>
    <subfield code="2">ddc</subfield>
    <subfield code="4">0</subfield>
    <subfield code="7">0</subfield>
    <subfield code="a">BFM</subfield>
    <subfield code="b">BFM</subfield>
    <subfield code="c">CR</subfield>
    <subfield code="d">2013-03-12</subfield>
    <subfield code="g">940.00</subfield>
    <subfield code="l">290</subfield>
    <subfield code="m">15</subfield>
    <subfield code="o">611.022 55 NET</subfield>
    <subfield code="p">2794</subfield>
    <subfield code="r">2026-04-20</subfield>
    <subfield code="s">2026-04-13</subfield>
    <subfield code="t">ej.17</subfield>
    <subfield code="w">2013-03-12</subfield>
    <subfield code="y">BK</subfield>
    <subfield code="z">COMPRA PROYECTO PROMED 2DA ETAPA, MARZO 2013</subfield>
  </datafield>
  <datafield tag="952" ind1=" " ind2=" ">
    <subfield code="0">0</subfield>
    <subfield code="1">0</subfield>
    <subfield code="2">ddc</subfield>
    <subfield code="4">0</subfield>
    <subfield code="7">0</subfield>
    <subfield code="a">BFM</subfield>
    <subfield code="b">BFM</subfield>
    <subfield code="c">CR</subfield>
    <subfield code="d">2013-03-12</subfield>
    <subfield code="g">940.00</subfield>
    <subfield code="l">310</subfield>
    <subfield code="m">20</subfield>
    <subfield code="o">611.022 55 NET</subfield>
    <subfield code="p">2795</subfield>
    <subfield code="r">2025-04-29</subfield>
    <subfield code="s">2025-04-22</subfield>
    <subfield code="t">ej.18</subfield>
    <subfield code="w">2013-03-12</subfield>
    <subfield code="y">BK</subfield>
    <subfield code="z">COMPRA PROYECTO PROMED 2DA ETAPA, MARZO 2013</subfield>
  </datafield>
  <datafield tag="952" ind1=" " ind2=" ">
    <subfield code="0">0</subfield>
    <subfield code="1">0</subfield>
    <subfield code="2">ddc</subfield>
    <subfield code="4">0</subfield>
    <subfield code="7">0</subfield>
    <subfield code="a">BFM</subfield>
    <subfield code="b">BFM</subfield>
    <subfield code="c">CR</subfield>
    <subfield code="d">2013-03-12</subfield>
    <subfield code="g">940.00</subfield>
    <subfield code="l">317</subfield>
    <subfield code="m">23</subfield>
    <subfield code="o">611.022 55 NET</subfield>
    <subfield code="p">2796</subfield>
    <subfield code="r">2026-04-01</subfield>
    <subfield code="s">2026-03-25</subfield>
    <subfield code="t">ej.19</subfield>
    <subfield code="w">2013-03-12</subfield>
    <subfield code="y">BK</subfield>
    <subfield code="z">COMPRA PROYECTO PROMED 2DA ETAPA, MARZO 2013</subfield>
  </datafield>
  <datafield tag="952" ind1=" " ind2=" ">
    <subfield code="0">0</subfield>
    <subfield code="1">0</subfield>
    <subfield code="2">ddc</subfield>
    <subfield code="4">0</subfield>
    <subfield code="7">0</subfield>
    <subfield code="a">BFM</subfield>
    <subfield code="b">BFM</subfield>
    <subfield code="c">CR</subfield>
    <subfield code="d">2013-03-12</subfield>
    <subfield code="g">940.00</subfield>
    <subfield code="l">320</subfield>
    <subfield code="m">27</subfield>
    <subfield code="o">611.022 55 NET</subfield>
    <subfield code="p">2797</subfield>
    <subfield code="r">2026-05-20</subfield>
    <subfield code="s">2026-05-13</subfield>
    <subfield code="t">ej.20</subfield>
    <subfield code="w">2013-03-12</subfield>
    <subfield code="y">BK</subfield>
    <subfield code="z">COMPRA PROYECTO PROMED 2DA ETAPA, MARZO 2013</subfield>
  </datafield>
</record>
